00556nam a2200193Ia 4500001000900000003000500009005001700014008004100031010001100072020001700083040000900100082001700109100001600126245008600142260003900228300001100267500005800278650002600336dia_3154CHAP20251023163636.0220117s1989 xx 000 0 und d a173653 a84-87189-44x cCHAP a658.562 J83Y aJuran, J.M. aJuran y el Liderazgo para la Calidad; Manual para el Ejecutivo /c por J.M. Juran aMadrid :b Díaz de Santos,c1989 a363 p. aC/e tradducción de : Juran on Leadershp for Quality a1.Calidad, control de